<?xml version="1.0" encoding="UTF-8"?>
<record
    xmlns:xsi="http://www.w3.org/2001/XMLSchema-instance"
    xsi:schemaLocation="http://www.loc.gov/MARC21/slim http://www.loc.gov/standards/marcxml/schema/MARC21slim.xsd"
    xmlns="http://www.loc.gov/MARC21/slim">

  <leader>01131nam a2200169   4500</leader>
  <controlfield tag="001">14053</controlfield>
  <controlfield tag="005">20260326114028.0</controlfield>
  <datafield tag="010" ind1=" " ind2=" ">
    <subfield code="a">9782847053227</subfield>
  </datafield>
  <datafield tag="090" ind1=" " ind2=" ">
    <subfield code="a">14053</subfield>
  </datafield>
  <datafield tag="099" ind1=" " ind2=" ">
    <subfield code="o">0</subfield>
  </datafield>
  <datafield tag="100" ind1=" " ind2=" ">
    <subfield code="a">20260326d        u||y0frey50      ba</subfield>
  </datafield>
  <datafield tag="200" ind1=" " ind2=" ">
    <subfield code="a">Seuls dans la nuit</subfield>
    <subfield code="b">LIVR</subfield>
  </datafield>
  <datafield tag="214" ind1=" " ind2=" ">
    <subfield code="c">Espaces 34</subfield>
  </datafield>
  <datafield tag="323" ind1=" " ind2=" ">
    <subfield code="a">7 personnages</subfield>
  </datafield>
  <datafield tag="330" ind1=" " ind2=" ">
    <subfield code="a">Nour, 55 ans, est aide &#xE0; domicile en milieu rural. Son quotidien est rempli de trajets en voiture, de soins, de conversations anodines avec lespersonnes &#xE2;g&#xE9;es dont elle s&#x2019;occupe : Madame B., Monsieur D., Madame J. &#x2026; Elle est mari&#xE9;e depuis trente-deux ans &#xE0; Paco avec qui elle vit dans une petite maison pr&#xE8;s de Reims, &#xE0; Beaumont-sur-Vesle. C'est un couple sans enfants qui s'aime et qui vit une existence modeste et semble-t-il plut&#xF4;t heureuse. Un soir, au cr&#xE9;puscule, un objet lumineux crevant le ciel vient troubler le r&#xE9;el et d&#xE9;ranger l&#x2019;ordre implacable du quotidien. Cette irruption d&#x2019;un ailleurs bouleverse cette femme qui ne s&#x2019;attendait plus &#xE0; rien et qui entrevoit la possibilit&#xE9; d&#x2019;une &#xE9;chapp&#xE9;e au-del&#xE0; de la raison. </subfield>
  </datafield>
  <datafield tag="610" ind1=" " ind2=" ">
    <subfield code="a">Po&#xE9;sie</subfield>
    <subfield code="a">intime</subfield>
  </datafield>
  <datafield tag="700" ind1=" " ind2=" ">
    <subfield code="a">Soublin</subfield>
    <subfield code="b">Gwendoline</subfield>
  </datafield>
  <datafield tag="995" ind1=" " ind2=" ">
    <subfield code="2">0</subfield>
    <subfield code="5">2026-03-26</subfield>
    <subfield code="9">13944</subfield>
    <subfield code="c">JOL</subfield>
    <subfield code="f">JOL-007753</subfield>
    <subfield code="k">TH SOU 7</subfield>
    <subfield code="o">0</subfield>
    <subfield code="b">JOL</subfield>
    <subfield code="r">LIVR</subfield>
  </datafield>
</record>
